000 00473nam a2200193 a 4500
005 20260322212005.0
008 data
020 _a0689840349
020 _a9780689840340
099 _aCOOPES
100 1 _aCooper, Susan,
_d1935-
245 1 0 _aGreenwitch/
_cSusan Cooper.
260 _aNew York :
_bAladdin Paperbacks, ;
_c2000, ♭1997.
300 _a147 p. ;
_b22 cm.
490 1 _aThe Dark is rising sequence.
650 0 _aScience fiction
650 0 _aFantasy
001 data
999 _c72
_d72